00804 2200289 4500001002100000005001500021035002000036007000300056008004100059100001700100245008200117250001000199300003000209020002200239082000800261084001400269090001800283260003200301600002300333700002900356700002300385850001000408990002400418990002400442990002400466990002400490INLIS00000000000197020260603125953 a0010-0120000413ta260603 1 0 aJumi Haryani1 aCerita si Lebah /cJumi Haryani; Penerjemah: Putri Hamzah; Penyunting: Masayu aCet.1 a87 hlm. :bilus. ;c20 cm a978-979-077-081-2 a590 a590 JUM c a590 JUM c 5-2 aDepok :bGema Insani,c2008 4aIlmu Tentang Hewan0 aPenerjemah: Putri Hamzah0 aPenyunting: Masayu aPUPAD a32.143/DAK/DPK/2019 a32.144/DAK/DPK/2019 a32.145/DAK/DPK/2019 a32.146/DAK/DPK/2019